000 00561nam a2200217Ia 4500
008 210210b2010 xxu||||| |||| 00| 0 eng d
020 _a9788130910864
041 _aeng
082 _a658.3 BPPB
100 _aBPP LEARNING MEDIA
245 _aBusiness essentials: human resource management
260 _aNew Delhi
_bViva Books Private Limited
_c2010
300 _aviii,570
650 _aresource
650 _amanagement
650 _ahuman
650 _aessentials:
650 _aBusiness
690 _aHuman Resource Management
906 _a064472
999 _c141436
_d141436